| 000 | 00986nam a2200253 i 4500 | ||
|---|---|---|---|
| 001 | 88930 | ||
| 003 | ES-MaACL | ||
| 005 | 20250825144954.0 | ||
| 007 | t| | ||
| 008 | 041228s1996 sp ||||1| spa d | ||
| 020 | _a84-88474-25-3 | ||
| 080 | _a75.035/.036(083.824) | ||
| 245 | 0 | 0 |
_aDe Canaletto a Kandinsky : _bobras maestras de la colección Carmen Thyssen-Bornemisza : Museo Thyssen-Bornemisza, Palacio de Villahermosa, 20 de marzo-8 de setiembre 1996 / _cexposición y catálogo a cargo de Tomás Llorens Serra. |
| 260 |
_aSabadell : _bAusa, _c[1996] |
||
| 300 |
_a327 p. : _bil. col. ; _c28 cm. |
||
| 600 | 1 | 4 |
_aThyssen-Bornemisza, Carmen, _cBaronesa- _xColecciones de arte. _9173489 |
| 650 | 4 |
_aPintura- _vExposiciones _916005 |
|
| 655 | 7 |
_2tgfbne _9193628 _aCatálogos de exposiciones |
|
| 700 | 1 |
_aLlorens, Tomás, _d1936- _972895 |
|
| 710 | 2 |
_aMuseo Nacional Thyssen-Bornemisza _95926 |
|
| 852 |
_aES-MaACL _jE-10764 |
||
| 942 | _2udc | ||
| 999 |
_c88930 _d88930 |
||